000 01114nab a22002177a 4500
999 _c5901
_d5901
003 OSt
005 20260110004036.0
008 190605e xxu||||| |||| 00| 0 spa d
040 _cPJ
100 _96642
_aPalavecino, Santiago A.
245 1 0 _aMedidas innovativas y autosatisfactivas en el fuero laboral /
_cSantiago A. Palavecino.
260 _aCiudad Autónoma de Buenos Aires :
_bThomson Reuters La Ley,
_c2023.
300 _ap. 77-85
500 _aCita: TR LALEY AR/DOC/1867/2023.
505 _aSumario: I. Introducción.— II. Las medidas innovativas y las autosatisfactivas: definición y sus características propias.— III. Jurisprudencia: casos relevantes en el fuero del trabajo.— IV. Conclusión.— V. Bibliografía complementaria.
505 _t¿Te interesa el texto completo? Solicitalo al correo: koha@justierradelfuego.gov.ar
650 0 _91316
_aDERECHO LABORAL
650 0 _94222
_aMEDIDAS AUTOSATISFACTIVAS
773 0 _02711
_93168
_dCiudad Autónoma de Buenos Aires : Thomson Reuters La Ley, 1999-2002.
_tRevista de derecho del trabajo. Nº 5 - Septiembre 2023
942 _2udc
_cANA